PT! - Statistics

General Stats
  • This quiz has been taken 7 times
    4 since last reset
  • The average score is 5 of 15
Answer Stats
Question Answer % Correct
British English equivalent of the American 'sidewalk' Pavement
100%
Chase (can be Trivial!) Pursuit
100%
Stops paper from 'blowing away' Paperweight
50%
Tom Stoppard, for example Playwright
50%
A difficult, perplexing, or trying situation Predicament
50%
Of the Anglican faith Protestant
50%
A pungent and aromatic mint, with dark green leaves Peppermint
25%
Stamp collector Philatelist
25%
A stock comic character of old French pantomime Pierrot
25%
A highly toxic contact herbicide Paraquat
0%
Another word for a botanist Phytologist
0%
Lying or formed at the base of mountains Piedmont
0%
Seurat and Van Gogh are examples of this Pointillist
0%
Engine propelled water craft Powerboat
0%
An employee of the cinema (back in the day) Projectionist
0%
No matching quizzes found
Score Distribution
Percent of People with Each Score
Percentile by Number Answered
Your Score History
You have not taken this quiz since the last reset